Mathematical modeling for water pollution control processes /

Saved in:
Bibliographic Details
Other Authors: Keinath, Thomas M., Wanielista, Martin P.
Format: Book
Language:English
Published: Ann Arbor, Mich. : Ann Arbor Science Publishers, c1975.
Subjects:
LEADER 01018nam a2200253 i 4500
001 c000061125
003 CARM
005 00000000000000.0
008 760105s1975 miua b 00100 eng
019 1 |a 445648  |5 LACONCORD2021 
020 |a 0250400774 
035 |a (OCoLC)1991911  |5 LACONCORD2021 
050 0 0 |a TD745  |b .M36 
245 0 0 |a Mathematical modeling for water pollution control processes /  |c edited by Thomas M. Keinath, Martin P. Wanielista. 
260 |a Ann Arbor, Mich. :  |b Ann Arbor Science Publishers,  |c c1975. 
300 |a viii, 446 p. :  |b ill. ;  |c 24 cm. 
504 |a Includes bibliographical references and index. 
650 0 |a Sewage  |x Purification  |x Mathematical models. 
700 1 |a Keinath, Thomas M. 
700 1 |a Wanielista, Martin P. 
852 8 |b CARM  |h A2:AD09E0  |i C01625  |p 0084203  |f BK 
082 0 4 |a 628.3/01/84 
999 f f |i 6a8c1e8d-2a8b-5a91-8674-cd4aab3f8fde  |s b874203b-e0dc-5f63-a02a-eda9290e3093 
952 f f |p Can circulate  |a CAVAL  |b CAVAL  |c CAVAL  |d CARM 1 Store  |e C01625  |f A2:AD09E0  |h Other scheme  |i book  |m 0084203